Map of the Island of Barbados West Indies (Record no. 116881)

MARC details
000 -LEADER
fixed length control field 00886cem a22001935a 4500
001 - CONTROL NUMBER
control field L140442
008 - FIXED-LENGTH DATA ELEMENTS--GENERAL INFORMATION
fixed length control field 070924s1925 bb a 0 eng u
035 ## - SYSTEM CONTROL NUMBER
System control number (Sirsi) u140442
041 0# - LANGUAGE CODE
Language code of text/sound track or separate title eng
100 1# - MAIN ENTRY--PERSONAL NAME
Personal name Bowhill, James A. P.
245 00 - TITLE STATEMENT
Title Map of the Island of Barbados West Indies
Remainder of title reduced from Parson's Map of the Island
Medium [cartographic material]
255 ## - CARTOGRAPHIC MATHEMATICAL DATA
Statement of scale Scale 1:63360
260 ## - PUBLICATION, DISTRIBUTION, ETC.
Place of publication, distribution, etc. Bridgetown
Name of publisher, distributor, etc. James A. P. Bowhill
Date of publication, distribution, etc. 1925
300 ## - PHYSICAL DESCRIPTION
Extent 1 map
Other physical details col., rolled
Dimensions 47 x 35 cm. +
Accompanying material 1 sheet (25 cm.)
500 ## - GENERAL NOTE
General note Map is accompanied by a letter from James A. P. Bowhill dated 25 June 1926 and addressed to the Secretary of the Surveyors' Institution, stating that his map of Barbados is enclosed under separate cover, for inclusion in the library.
651 4# - SUBJECT ADDED ENTRY--GEOGRAPHIC NAME
Geographic name Barbados
690 ## - LOCAL SUBJECT ADDED ENTRY--TOPICAL TERM (OCLC, RLIN)
Topical term or geographic name as entry element ENVIRONMENTAL AND LAND CONSULTANCY-GEOMATICS-MAPPING AND POSITIONING-CARTOGRAPHY
942 ## - ADDED ENTRY ELEMENTS (KOHA)
Suppress in OPAC 0
Holdings
Withdrawn status Lost status Source of classification or shelving scheme Damaged status Not for loan Home library Current library Shelving location Date acquired Total Checkouts Full call number Barcode Date last seen Copy number Price effective from Koha item type
    Dewey Decimal Classification     Historic collection Historic collection Historic collection 24/09/2007   MAP CABINET DRAWER 5 140442-2001 06/08/2019 1 06/08/2019 Archive